| 000 | 01007nam a22003137a 4500 | ||
|---|---|---|---|
| 001 | BR0002322 | ||
| 003 | BR-BrBNA | ||
| 005 | 20230928100642.0 | ||
| 007 | ta | ||
| 008 | 230509b bl.||||| |||| 00| 0 por d | ||
| 040 |
_aBR-BrBNA _bpor _cBiblioteca Nacional de Agricultura |
||
| 041 | _a(Por) | ||
| 072 |
_aH60 _b0336 _b3876 |
||
| 090 | _ 0336 BR0002322 | ||
| 100 | 1 | _aRocha, A.A. | |
| 110 | 1 |
_aEscola Superior de Agricultura Luiz de Queiroz, Piracicaba, SP (Brasil) _0Tese (Mestre em Agronomia) |
|
| 245 | 1 | _aSorcao, dessorcao e degradacao do herbicida 14C-Diclosulam em um latossolo vermelho sob sistemas de plantio convencional e direto | |
| 260 | 3 |
_aPiracicaba, SP (Brasil): _c1999. |
|
| 300 | _a76 p. | ||
| 500 | _aSummaries (Eng, Por); Bibliography p. 54-62; 20 illus. | ||
| 650 | _aSoja | ||
| 650 | _aDicotiledonea | ||
| 650 | _aHerbicida | ||
| 650 | _aLatossolo Vermelho | ||
| 650 | _aSorcao | ||
| 650 | _aPratica Cultural | ||
| 909 |
_a202309 _bLucia _c55 _dLucia Elande |
||
| 942 | _cBK | ||
| 999 |
_c62200 _d62200 |
||